| 000 | 00400pab a2200157 454500 | ||
|---|---|---|---|
| 008 | 180718b2014 xxu||||| |||| 00| 0 eng d | ||
| 100 | _aSinha, Sujit Kumar | ||
| 245 | _aTaxing 'services': Jurisdictional issue | ||
| 260 | _c2014 | ||
| 300 | _ap.236-249. | ||
| 362 | _aApr-Jun | ||
| 650 | _aService industries | ||
| 773 | _aJournal of the Indian Law Institute | ||
| 908 | _aN | ||
| 909 | _a105709 | ||
| 999 |
_c105704 _d105704 |
||